#4 Arvaa AI:n läpi vedetty bändi - Statistics

Yleistilastot
  • Tätä visaa on pelattu 41 kertaa
  • Keskiarvotulos 6 / 16
Vastaustilastot
Kuvavisa Vastaus % Oikein
Lordi
91%
Abba
67%
One Direction
64%
Metallica
58%
Coldplay
52%
Daft Punk
48%
Eppu Normaali
48%
Indica
45%
PMMP
39%
Green Day
36%
Ghost
30%
Slipknot
30%
Nickelback
12%
MCR
9%
Muse
9%
Foo Fighters
6%
Ehtoja vastaavia visoja ei löytynyt
Tulosjakauma
Jokaisen tuloksen saaneiden osuus
Persentiili vastausten määrän mukaan
Tuloshistoriasi
Et ole pelannut tätä visaa